=LDR 00000nam 2200000 4500 =001 INLIS000000000028237 =005 20200301120318 =035 ##$$a 0010-061300000028237 =008 200301###########################0###### =041 ##$$a Ind =082 ##$$a 301.095 982 33 =090 ##$$a 301.095 982 33, Tat =245 ##$$a Tata kelakuan dilingkungan pergaulan keluarga dan masyarakat daerah istimewa Yogyakarta, Dra Hilderia Sitanggang...[ et al =260 ##$$a 1985 :$b Medan =300 ##$$a viii, 140 hlm, ilus, 21 cm =650 #4$$a Sosiologi =650 #4$$a Sumatera Utara =700 #$$a Sinaga, Dannerius =850 ##$$a NBPNMAT =990 ##$$a 33.286/90